Diaspora afrykańska - 10 najlepszych krajów - Statystyki

Ogólne statystyki
  • Ten quiz został rozwiązany 31 razy
  • Średni wynik to 6 z 10
Statystyki odpowiedzi
# % Państwo % Poprawnych
4,26 mln 6,5 Francja
93%
48,7 mln 14,8 Stany Zjednoczone
93%
108 mln 50,7 Brazylia
86%
2,00 mln 3,0 Wielka Brytania
82%
5,18 mln 10,4 Kolumbia
64%
1,59 mln 1,2 Meksyk
64%
11,2 mln 99,9 Haiti
46%
9,21 mln 83,8 Dominikana
39%
2,68 mln 92,1 Jamajka
39%
4,13 mln 35,9 Kuba
39%
Nie znaleziono quizów pasujących do podanych kryteriów
Rozkład punktacji
Procent ludzi z każdym wynikiem
Percentyl według liczby udzielonych odpowiedzi
Twoja historia wyników
Nie rozwiązałeś tego quizu